Μετάβαση και συνέχεια στην εκπαίδευση : (Record no. 9874)
[ view plain ]
| 000 -LEADER | |
|---|---|
| fixed length control field | 03983nam a22002537a 4500 |
| 003 - ΤΑΥΤΟΤΗΤΑ ΤΟΥ ΑΡΙΘΜΟΥ ΕΛΕΓΧΟΥ | |
| Πεδίο ελέγχου | GR-AtMCL |
| 005 - ΗΜΕΡΟΜΗΝΙΑ ΚΑΙ ΩΡΑ ΤΕΛΕΥΤΑΙΑΣ ΕΝΗΜΕΡΩΣΗΣ | |
| Πεδίο ελέγχου | 20250805115730.0 |
| 006 - FIXED-LENGTH DATA ELEMENTS--ADDITIONAL MATERIAL CHARACTERISTICS | |
| Πεδίο ελέγχου σταθερού μήκους | a|||||r|||| 00| 0 |
| 008 - FIXED-LENGTH DATA ELEMENTS--GENERAL INFORMATION | |
| Πεδίο ελέγχου σταθερού μήκους | 250805b |||||||| |||| 00| 0 eng d |
| 020 ## - ISBN | |
| ISBN | 9789609495370 |
| Επεξηγηματικές πληροφορίες | (σκληρόδ.) |
| 040 ## - ΠΗΓΗ ΚΑΤΑΛΟΓΟΓΡΑΦΗΣΗΣ | |
| Φορέας πρωτότυπης καταλογογράφησης | MC Athens Campus Library |
| Γλώσσα καταλογογράφησης | Ελληνικά, Μοντέρνα (1453-) |
| Modifying agency | MC Athens Campus Library |
| Κανόνες περιγραφικής καταλογογράφησης | AACR2 |
| 245 00 - ΤΙΤΛΟΣ ΚΑΙ ΔΗΛΩΣΗ ΥΠΕΥΘΥΝΟΤΗΤΑΣ | |
| Τίτλος | Μετάβαση και συνέχεια στην εκπαίδευση : |
| Remainder of title | θεωρητικές και ερευνητικές προσεγγίσεις / |
| Statement of responsibility, etc. | επιστημονική επιμέλεια Έφη Γουργιώτου |
| 250 ## - EDITION STATEMENT | |
| Edition statement | 2η έκδ. |
| 260 ## - PUBLICATION, DISTRIBUTION, ETC. | |
| Place of publication, distribution, etc. | [χ.τ.] : |
| Name of publisher, distributor, etc. | Εκδόσεις Δίσιγμα, |
| Date of publication, distribution, etc. | c2014 |
| 300 ## - PHYSICAL DESCRIPTION | |
| Extent | 569 σ. : |
| Other physical details | εικ. ; |
| Διαστάσεις | 30 εκ. |
| 504 ## - ΣΗΜΕΙΩΣΗ ΒΙΒΛΙΟΓΡΑΦΙΑΣ κλπ. | |
| Σημείωση βιβλιογραφίας, κλπ. | Περιέχει βιβλιογραφίες. |
| 520 ## - SUMMARY, ETC. | |
| Summary, etc. | Η εμπειρία της μετάβασης ενός παιδιού από τη μια εκπαιδευτική βαθμίδα στην άλλη δεν είναι μόνο μια διαδικασία μάθησης γνώσεων, στάσεων, δεξιοτήτων. Είναι πολύ περισσότερο μια διαδικασία αλλαγής (μεταμόρφωσης) του παιδιού, δόμησης της ταυτότητας και κατασκευής νοήματος, εν μέσω προκλήσεων, προσδοκιών, αναγκών και αναψυχής. Αρκεί όμως η ατομική προσπάθεια του παιδιού/του νέου προκειμένου να καταφέρει να βιώσει ομαλές μεταβάσεις κατά τη διάρκεια της εκπαιδευτικής του πορείας; Ποιοι εμπλέκονται στη μετάβαση και ποιος είναι ο ρόλος τους; Με ποιο τρόπο θα διασφαλίσουν τη συνέχεια στη ζωή και εκπαίδευση των παιδιών και των νέων; Τι είδους αλλαγές συμβαίνουν στα παιδιά κατά τη διάρκεια της μετάβασής τους από τη μια εκπαιδευτική βαθμίδα στην άλλη; Ποιοι παράγοντες επηρεάζουν αυτές τις αλλαγές; Ποιο "είναι το τίμημα των μεταβάσεων για τα παιδιά με ειδικές ανάγκες και για τα παιδιά που προέρχονται από κοινωνικά ευάλωτες ομάδες; Τι μας δείχνουν οι εμπειρίες από τις άλλες χώρες; Στην παρουσίαση και ενίσχυση αυτών των προβληματισμών αποσκοπεί και η συγγραφή αυτού του συλλογικού τόμου και αφορά στη μετακίνηση των παιδιών και των νέων μέσα στο εκπαιδευτικό σύστημα, καθώς και τη μετάβασή τους από μία εκπαιδευτική βαθμίδα στην επόμενη, και εν τέλει στην επαγγελματική κατάρτιση και την αγορά εργασίας. Παρουσιάζονται κριτικές θεωρήσεις, καθώς και εφαρμοσμένες πρακτικές μετάβασης στη χώρα μας και το εξωτερικό και διατυπώνονται προτάσεις με στόχο την αναζήτηση ενός πλαισίου στήριξης των παιδιών, των νέων και των οικογενειών τους που θα διασφαλίζει τη συνέχεια στη μάθηση, την ανάπτυξη και την επαγγελματική τους αποκατάσταση. |
| 650 00 - SUBJECT ADDED ENTRY--TOPICAL TERM | |
| Topical term or geographic name entry element | Σχολική προσαρμογή |
| 9 (RLIN) | 9967 |
| 650 00 - SUBJECT ADDED ENTRY--TOPICAL TERM | |
| Topical term or geographic name entry element | Εκπαίδευση |
| 9 (RLIN) | 9953 |
| 650 00 - SUBJECT ADDED ENTRY--TOPICAL TERM | |
| Topical term or geographic name entry element | Αγωγή |
| 9 (RLIN) | 9954 |
| 700 ## - ΠΡΟΣΘΕΤΗ ΑΝΑΓΡΑΦΗ--ΦΥΣΙΚΟ ΠΡΟΣΩΠΟ | |
| Personal name | Γουργιώτου, Ευθυμία Α. |
| Σχέση | Επιμελητής |
| 9 (RLIN) | 9968 |
| 942 ## - ADDED ENTRY ELEMENTS (KOHA) | |
| Koha item type | Books |
| Τύπος τεκμηρίου | Βιβλιοθήκη | Τρέχουσα τοποθεσία | Barcode | Αριθμός εισαγωγής | Ημερομηνία απόκτησης | Ταξιθετικό σύμβολο | Αριθμός αντιτύπου | Κατάσταση απόσυρσης | Κατάσταση χαμένου | Κατάσταση κατεστραμμένου | Μη δανεισμός | Σύνολο δανεισμών | Ημερομηνία τελευταίας εμφάνισης | Η τιμή ισχύει από |
|---|---|---|---|---|---|---|---|---|---|---|---|---|---|---|
| Books | MC Athens Campus Library | MC Athens Campus Library | 9780000098450 | 8076 | 05/08/2025 | 372.21 MET | 1 | 05/08/2025 | 05/08/2025 |